| 000 | 00556nam a2200181Ia 4500 | ||
|---|---|---|---|
| 003 | IN-BaIIA | ||
| 008 | 211028s9999 xx 000 0 eng d | ||
| 040 | _cIIA Library | ||
| 080 |
_a048:52 _bHEN |
||
| 100 |
_aLohmann, W. _94457 |
||
| 245 | 0 |
_aAstronomischer jahresbericht, band 62, die literatur des jahres 1962 _cW. Lohmann, F. Henn, U. Güntzel-Lingner |
|
| 260 |
_aBerlin _bWalter De Gruyter _c1964 |
||
| 300 | _axvi, 728p. | ||
| 650 |
_aAstronomy Abstracts _94458 |
||
| 700 |
_aHenn, F. _94459 |
||
| 700 |
_aLingner, U. Güntzel _94460 |
||
| 942 | _cBK | ||
| 999 |
_c2493 _d2493 |
||